<?xml version="1.0" encoding="UTF-8"?>
<record
    xmlns:xsi="http://www.w3.org/2001/XMLSchema-instance"
    xsi:schemaLocation="http://www.loc.gov/MARC21/slim http://www.loc.gov/standards/marcxml/schema/MARC21slim.xsd"
    xmlns="http://www.loc.gov/MARC21/slim">

  <leader>01910nam a22003134c 4500</leader>
  <controlfield tag="003">AR-BaSMT</controlfield>
  <controlfield tag="008">230327t2021     agd|||frib|| 001 0 spa d</controlfield>
  <datafield tag="020" ind1=" " ind2=" ">
    <subfield code="a">9789874180780</subfield>
  </datafield>
  <datafield tag="040" ind1=" " ind2=" ">
    <subfield code="a">BSGB</subfield>
    <subfield code="b">espa&#xF1;ol</subfield>
    <subfield code="c">BSGB</subfield>
    <subfield code="e">rda</subfield>
  </datafield>
  <datafield tag="041" ind1="0" ind2=" ">
    <subfield code="a">spa</subfield>
    <subfield code="h">espa&#xF1;ol</subfield>
  </datafield>
  <datafield tag="080" ind1=" " ind2=" ">
    <subfield code="a">574</subfield>
  </datafield>
  <datafield tag="100" ind1="1" ind2=" ">
    <subfield code="a">Dad&#xF3;n, Jos&#xE9; R., </subfield>
    <subfield code="9">518</subfield>
  </datafield>
  <datafield tag="245" ind1="1" ind2=" ">
    <subfield code="a">Ecolog&#xED;a y ciudad : </subfield>
    <subfield code="b">El entorno modelado por el hombre</subfield>
  </datafield>
  <datafield tag="250" ind1=" " ind2=" ">
    <subfield code="a">Segunda edici&#xF3;n</subfield>
  </datafield>
  <datafield tag="264" ind1=" " ind2=" ">
    <subfield code="a">Buenos Aires ; </subfield>
    <subfield code="b">Del Aula Taller, </subfield>
    <subfield code="c">2021.</subfield>
  </datafield>
  <datafield tag="300" ind1=" " ind2=" ">
    <subfield code="a">62 p&#xE1;ginas, Ilustraciones blanco y negro.</subfield>
  </datafield>
  <datafield tag="336" ind1=" " ind2=" ">
    <subfield code="2">rdacontent</subfield>
    <subfield code="a">texto</subfield>
    <subfield code="b">txt</subfield>
  </datafield>
  <datafield tag="337" ind1=" " ind2=" ">
    <subfield code="2">rdamedia</subfield>
    <subfield code="a">sin mediaci&#xF3;n</subfield>
    <subfield code="b">n</subfield>
  </datafield>
  <datafield tag="338" ind1=" " ind2=" ">
    <subfield code="2">rdacarrier</subfield>
    <subfield code="a">volumen</subfield>
    <subfield code="b">nc</subfield>
  </datafield>
  <datafield tag="490" ind1=" " ind2=" ">
    <subfield code="a">Colecci&#xF3;n Sociedades y Medioambiente</subfield>
  </datafield>
  <datafield tag="520" ind1=" " ind2=" ">
    <subfield code="a">&#xCD;NDICE

CAP&#xCD;TULO I
POR QU&#xC9; LAS CIUDADES
Las mayores aglomeraciones urbanas del mundo
El atractivo de las ciudades
Historia de las ciudades
Las ciudades en la antig&#xFC;edad
El origen de la ciudad moderna

CAP&#xCD;TULO II
LA CIUDAD COMO SISTEMA ECOL&#xD3;GICO
Sistemas naturales y sistemas urbanos
Flujo de energ&#xED;a
Biodiversidad
Tramas tr&#xF3;ficas
Ciclos de materia
Factores de control y sucesi&#xF3;n ecol&#xF3;gica
Del ecosistema a la ciudad
Modelos de ciudades
Espacios urbanos
La periferia de las ciudades

CAP&#xCD;TULO III
ALGUNOS PROBLEMAS AMBIENTALES DE LAS CIUDADES
Un enorme consumo de energ&#xED;a
El impacto del transporte urbano
Contaminaci&#xF3;n y residuos urbanos
Por qu&#xE9; se inunda Buenos Aires
Ciudades sostenibles
Ciudades compactas, mejores ciudades
La importancia de los espacios verdes
Mejor transporte p&#xFA;blico
Las condiciones sociales y econ&#xF3;micas
El futuro de las ciudades

EP&#xCD;LOGO PARA DOCENTES

BIBLIOGRAF&#xCD;A</subfield>
  </datafield>
  <datafield tag="521" ind1=" " ind2=" ">
    <subfield code="a">P&#xFA;blico general</subfield>
  </datafield>
  <datafield tag="650" ind1=" " ind2="7">
    <subfield code="9">85</subfield>
    <subfield code="a">ECOLOG&#xCD;A</subfield>
  </datafield>
  <datafield tag="700" ind1="1" ind2=" ">
    <subfield code="a">Ambas, Alejandro</subfield>
    <subfield code="e">Autor</subfield>
    <subfield code="9">517</subfield>
  </datafield>
  <datafield tag="700" ind1="1" ind2=" ">
    <subfield code="a">Busch, Mar&#xED;a</subfield>
    <subfield code="e">Autor</subfield>
    <subfield code="9">516</subfield>
  </datafield>
  <datafield tag="700" ind1="1" ind2=" ">
    <subfield code="a">Rodr&#xED;guez, Mar&#xED;a Cecilia</subfield>
    <subfield code="e">Autor</subfield>
    <subfield code="9">519</subfield>
  </datafield>
  <datafield tag="942" ind1=" " ind2=" ">
    <subfield code="2">ddc</subfield>
    <subfield code="a">BOOK</subfield>
  </datafield>
  <datafield tag="999" ind1=" " ind2=" ">
    <subfield code="c">691</subfield>
    <subfield code="d">691</subfield>
  </datafield>
  <datafield tag="952" ind1=" " ind2=" ">
    <subfield code="0">0</subfield>
    <subfield code="1">0</subfield>
    <subfield code="2">ddc</subfield>
    <subfield code="4">0</subfield>
    <subfield code="a">BSGB</subfield>
    <subfield code="b">BSGB</subfield>
    <subfield code="c">Ciencias Naturales</subfield>
    <subfield code="e">Compra feria del libro 2025</subfield>
    <subfield code="i">030419</subfield>
    <subfield code="l">0</subfield>
    <subfield code="o">574 DAD</subfield>
    <subfield code="p">030419</subfield>
    <subfield code="t">1</subfield>
    <subfield code="y">BOOK</subfield>
    <subfield code="f"></subfield>
  </datafield>
</record>
